Word Ladder: December 7, 1941 Quiz Stats

Quiz Updated Nov 7, 2014

Challenge
Share
Tweet
Embed
Score 0/44 Timer 05:00
3 Plays Today
Hint 4-Letter Word % Correct
Not moreLESS
96.1%
Opposite of profitLOSS
95.9%
DifficultHARD
95.3%
Computer geekNERD
95.1%
Light-gathering device of a cameraLENS
95%
Tonight Show's JayLENO
94.9%
Cattle collectiveHERD
94.2%
Nickname for NathanielNATE
93.6%
End with less points on the scoreboardLOSE
93.5%
Simpson male offspringBART
93.3%
Metallic currencyCOIN
92.2%
Abel's slayerCAIN
92%
PrecipitationRAIN
91.7%
MaizeCORN
91.6%
Worth, Wayne, or LauderdaleFORT
90.3%
Roman emperor of 1st centuryNERO
90.1%
Compensated for workPAID
89.9%
Small bucketPAIL
89.7%
Front end of an aircraftNOSE
89.6%
✪ 'Air ____ Pearl Harbor. This is not a drill.' ✪✪ RAID ✪
89.1%
✪ Admiral Thomas C. ____, Asiatic Fleet ✪✪ HART ✪
88.9%
China's great oneWALL
87.9%
Hint 4-Letter Word % Correct
Disease remedyCURE
86.3%
✪ FDR: '. . . which ____ . . . ' (with rungs 1, 44) ✪✪ WILL ✪
84.4%
Funeral clothPALL
84.4%
Bicep exercise with weightCURL
83.5%
✪ Pre-attack US counterproposal: [RUNG 36] ____✪ NOTE ✪
81.5%
Fling with forceHURL
81.3%
ConcernCARE
81.1%
Naturally raised area of landHILL
80.8%
✪ FDR: ' . . . ____ in infamy.' (with rungs 1, 34) ✪✪ LIVE ✪
77.6%
Item for saleWARE
73.2%
Civil wrong resulting in legal liability TORT
72.8%
✪ Pre-attack US counterproposal: ____ [RUNG 3] ✪✪ HULL ✪
72.4%
✪ FDR: 'A ____ . . . ' (with rungs 34, 44) ✪✪ DATE ✪
72.4%
✪ First and second (but not third) ____ of attacks ✪✪ WAVE✪
70.5%
To wash LAVE
69.4%
Flexible wireCORD
66.2%
Island of French Polynesia: ____ ____BORA
61.7%
Diamond fragment used for cuttingBORT
61.5%
✪ Japanese code word for surprise attack ('tiger') ✪✪ TORA ✪
61.3%
✪ NAS ____ Island ✪✪ FORD ✪
60.4%
✪ Japanese Navy Mitsubishi A6M2 ✪✪ ZERO ✪
50.9%
Pre-Socratic Greek philosopher ZENO
49.3%

Today's Daily Dose

You're not logged in!

Compare scores with friends on all Sporcle quizzes.
Join for Free
OR
Log In

You Might Also Like...

Show Comments

Extras

Top Quizzes Today


Score Distribution

Your Account Isn't Verified!

In order to create a playlist on Sporcle, you need to verify the email address you used during registration. Go to your Sporcle Settings to finish the process.

Report this User

Report this user for behavior that violates our Community Guidelines.

Details: